000 02683nam a2200361 a 4500
001 000113124
003 CHAP
005 20260303121707.0
008 170426s2016 mx a fsm |||||||spa d
040 _cCHAP
090 _aTesis
100 1 _aJuárez Vázquez, Sandra Berenice
_962502
245 1 0 _aManejo de la antracnosis (Colletotrichum fructicola) con extractos orgánicos en frutos de aguacate Hass en poscosecha /
_cpor Sandra Berenice Juárez Vázquez.
264 _aChapingo, Méx. :
_bEl autor,
_c2016.
300 _a1 recurso en línea (120 páginas).
336 _2rdacontent
_atexto
_btxt
337 _2rdamedia
_acomputadora
_bc
338 _2rdacarrier
_arecurso en línea
_bcr
502 _bMCPV
_cParasitología
_d2016.
520 _aLos metabolitos secundarios (MS) sirven como mecanismos de defensa de las plantas y han demostrado tener un efecto antimicrobiano. El objetivo del presente trabajo fue evaluar extractos metanólicos y hexánicos de cinco especies de plantas, sobre el control de antracnosis en condiciones in vitro e in vivo en frutos de aguacate Hass. La identificación del patógeno se realizó morfológica y molecularmente; los extractos se obtuvieron mediante un equipo Soxhlet. Las especies de plantas evaluadas fueron: Prosopis laevigata, Sapindus saponaria, Phytolacca icosandra, Salvia leucantha y Cestrum dumetorum y se emplearon dos métodos de evaluación in vitro; i) método de difusión de discos y ii) método de envenenamiento del medio, para confirmar la actividad fungicida de P. laevigata. Se realizó el análisis fitoquímico cualitativo de las cinco especies. El análisis estadístico consistió en análisis de varianza y comparación de medias por el método de Tukey (P=0.05). Los resultados mostraron que C. fructicola fue causante de la antracnosis en frutos de aguacate provenientes de Molango de Escamilla, Hidalgo. El extracto metanólico de P. laevigata fue el que presentó mayor efecto inhibitorio contra C. fructicola, tanto in vitro (65.24 %) como in vivo debido a la presencia simultánea de lavonoides, terpenoides y alcaloides, encontrados en el análisis fitoquímico.
590 _aBATCH-UPD
_b05
_c20170426
590 _aE8697GMM
_b05
_c20170426
590 _aE8697GMM
_b05
_c20170426
650 1 4 _aAguacate
_xEnfermedades por hongos.
_92511
650 1 4 _aAntracnosis del aguacate
_96118
650 1 4 _aColletotrichum fruticola
_xControl.
_9132034
650 1 4 _aExtractos vegetales como fungicida.
_9129639
856 _uhttp://10.13.5.2/tesis/sist113124.pdf
_zDESCARGAR PDF
901 _aBK
942 _2Clasificación Universidad Autónoma Chapingo
_cTD
999 _c109585
_d109585